000 00556cam a22001457a 4500
999 _c513868
_d513868
008 180718b-- xxu||||| |||| 00| 0 eng d
082 _aL806x54 F/2016-17
245 _aFinance accounts, Union Government, 2016-17
260 _aDelhi
_bThe Controller of Publications
_c2017
300 _a557p.
500 _aLibrary has 1991/92-2003/04, 2005/06-2007/08, 2009/10, 2016/17, 2017/18
650 _aFinance, Public - Auditing - India
_97554
700 _aIndia. Ministry of Finance. Department of Expenditure. Controller General of Accounts
_97555
942 _2ddc